000 00604nam a2200193Ia 4500
003 IN-BaIIA
008 211028s9999 xx 000 0 eng d
020 _a978-981-238-282-5
040 _cIIA Library
080 _a530.1
_bDE
100 _ade Gennes, Pierre-Gilles
_928744
245 0 _aSimple views on condensed matter
_cPierre-Gilles de Gennes
250 _a3rd ed.
260 _aNew Jersey
_bWorld Scientific
_c2003
300 _axiii, 559p.
490 _aSeries in modern condensed matter physics; v. 12
650 _aCondensed matter physics
_911089
942 _cBK
999 _c15593
_d15593